The noble scholar, jurist, historian


 His Excellency Dr. Abdul Wahhab bin Ibrahim Abu Sulaiman, may Allah have mercy on him.


 He was born in Umm Al-Qura in the year 1356 AH.

المدخل إلى كتاب الإكليل وفيه كيفية الصحيح والسقيم وأقسامه وأنواع الجرح / (Record no. 12534)

MARC details
000 -LEADER
fixed length control field 01621cam a2200337 i 4500
003 - CONTROL NUMBER IDENTIFIER
control field SA-RiAUC
005 - DATE AND TIME OF LATEST TRANSACTION
control field 20251014073136.0
008 - FIXED-LENGTH DATA ELEMENTS--GENERAL INFORMATION
fixed length control field 251011s1983 ua g 00000 ara c
040 ## - CATALOGING SOURCE
Original cataloging agency SA-JeALM
Language of cataloging ara
Transcribing agency SA-RiAUC
Description conventions rda
082 04 - DEWEY DECIMAL CLASSIFICATION NUMBER
Classification number 231
090 ## - LOCALLY ASSIGNED LC-TYPE CALL NUMBER (OCLC); LOCAL CALL NUMBER (RLIN)
Classification number (OCLC) (R) ; Classification number, CALL (RLIN) (NR) 231
Local cutter number (OCLC) ; Book number/undivided call number, CALL (RLIN) ح ا ك
100 1# - MAIN ENTRY--PERSONAL NAME
Personal name الحاكم النيسابوري، محمد بن عبد الله بن حمدوية،
Dates associated with a name 321-405 هجري
Relator term مؤلف.
245 12 - TITLE STATEMENT
Title المدخل إلى كتاب الإكليل وفيه كيفية الصحيح والسقيم وأقسامه وأنواع الجرح /
Statement of responsibility, etc. لابن عبد الله الحاكم النيسابوري ؛ تحقيق فؤاد عبد المنعم أحمد.
264 #1 - PRODUCTION, PUBLICATION, DISTRIBUTION, MANUFACTURE, AND COPYRIGHT NOTICE
Place of production, publication, distribution, manufacture الإسكندرية، مصر :
Name of producer, publisher, distributor, manufacturer دار الدعوة،
Date of production, publication, distribution, manufacture, or copyright notice 1983
300 ## - PHYSICAL DESCRIPTION
Extent 78 صفحة ؛
Dimensions 24 سم.
336 ## - CONTENT TYPE
Content type term نص
Content type code txt
Source rdacontent
Materials specified كتاب
337 ## - MEDIA TYPE
Media type term بدون وسيط
Media type code n
Source rdamedia
338 ## - CARRIER TYPE
Carrier type term مجلد
Carrier type code nc
Source rdacarrier
440 #0 - SERIES STATEMENT/ADDED ENTRY--TITLE
Title من ذخائر تراثنا
500 ## - GENERAL NOTE
General note إهداء من المؤلف فؤاد عبد المنعم أحمد.
650 #7 - SUBJECT ADDED ENTRY--TOPICAL TERM
Topical term or geographic name entry element الحديث
General subdivision إسناد
Source of heading or term aucsh
650 #7 - SUBJECT ADDED ENTRY--TOPICAL TERM
Topical term or geographic name entry element الحديث
General subdivision الجرح والتعديل
Source of heading or term aucsh
650 #7 - SUBJECT ADDED ENTRY--TOPICAL TERM
Topical term or geographic name entry element الحديث
General subdivision الإسناد الصحيح
Source of heading or term aucsh
650 #7 - SUBJECT ADDED ENTRY--TOPICAL TERM
Topical term or geographic name entry element الحديث
General subdivision الإسناد الضعيف
Source of heading or term aucsh
700 1# - ADDED ENTRY--PERSONAL NAME
Personal name أحمد، فؤاد عبد المنعم،
Dates associated with a name 1941-
Relator term محقق.
700 12 - ADDED ENTRY--PERSONAL NAME
Personal name ابن الحائك الهمداني، الحسن بن أحمد بن يعقوب،
Dates associated with a name 280-334 هجري
740 02 - ADDED ENTRY--UNCONTROLLED RELATED/ANALYTICAL TITLE
Uncontrolled related/analytical title كتاب الإكليل.
740 22 - ADDED ENTRY--UNCONTROLLED RELATED/ANALYTICAL TITLE
Uncontrolled related/analytical title الإكليل.
942 ## - ADDED ENTRY ELEMENTS (KOHA)
Source of classification or shelving scheme Dewey Decimal Classification
Koha item type Books
Suppress in OPAC No
949 ## - LOCAL PROCESSING INFORMATION (OCLC)
a SA-JeALM
d 251011
u mohamedma123
n 1
Holdings
Withdrawn status Lost status Source of classification or shelving scheme Damaged status Not for loan Collection Home library Current library Date acquired Total checkouts Full call number Barcode Date last seen Price effective from Koha item type
    Dewey Decimal Classification     اهداء DR AbdElwahab Library DR AbdElwahab Library 10/14/2025   231 ح ا ك 000020223 10/14/2025 10/14/2025 Books